rappeurs français 2 - Statistiques

Statistiques générales
  • Ce quiz a été pris 139 fois
  • Le résultat moyen est 6 sur 15
Statistiques - réponses
Titre / phrase Rappeur % Correct
UNE HISTOIRE ETRANGE Laylow
86%
"J'm'en fous de de ton boyfriend, c'est ton cul moi que je veux..." Damso
77%
L'OEil de la Joconde Josman
59%
"j'cherche mon chemin, j'fais des détours..." Jul
56%
"Fallait qu'on becte, qu'on becte..." Gazo
54%
"Baby donne-moi ton sexe sur le divan..." Hamza
54%
Humain PNL
46%
LOYAL La Fève
44%
"Parano, j'peux pas donner trop d'amour..." SCH
38%
"Ils m'ont dis "c'est une perte de temps", j'suis avec le..." So La Lune, Khali
20%
7 vies Luv
13%
DIAMANT J9ueve
12%
10 balles abel31, H JeuneCrack
11%
Jodeci YG Pablo
10%
"C'est pour ça je la fais, no stress..." AAMO, Yvnnis
3%
Aucun quiz correspondant
Distribution des résultats
% des personnes avec chaque résultat
Percentile par nombre de réponses
Votre historique - résultats
Vous n’avez pas pris ce quiz